000 00995pam a2200277 a 4500
001 4034385
003 ARRUPE
005 20150511142404.0
008 980720s1999 nyua b 001 0 eng
010 _a 98030460
020 _a0801435846 (cloth : alk. paper)
020 _a0801485649 (pbk. : alk. paper)
040 _aDLC
_cDLC
_dDLC
050 0 0 _aB3279.H49
_bP65 1999
082 0 0 _a193
_221
100 1 _aPolt, Richard F. H.,
_d1964-
_917747
245 1 0 _aHeidegger :
_ban introduction /
_cRichard Polt.
260 _aIthaca, N.Y. :
_bCornell University Press,
_c1999.
300 _axi, 197 p. :
_bill. ;
_c24 cm.
504 _aIncludes bibliographical references (p. 181-192) and index.
600 1 0 _aHeidegger, Martin,
_d1889-1976.
_917748
906 _a7
_bcbc
_corignew
_d1
_eocip
_f19
_gy-gencatlg
942 _2lcc
_cMONOGRAPH
999 _c122822
_d122822